000 00457nam a2200157 a 4500
001 000026885
005 20200930030453.0
008 110315s1971 dr 000 0 spa d
040 _aDO-SdBNP
_bspa
_cBNPHU
245 0 0 _aLibros Dominicanos /
_aeditor Julio D. Postigo.
260 _aSanto Domingo :
_bEditorial Librería Hispaniola,
_c1971.
300 _a91 P. ;
_c20 cm.
500 _aIncluye índice
700 1 _aPostigo, Julio D.
_953995
049 _aBNPD
999 _c26377
_d26377